Práce s politickou literaturou v knihovnách SSSR : sborník materiálů o sovětských zkušenostech /

Další autoři: Malá, Anna
Jazyk: Čeština
Vydáno: Praha : Státní knihovna ČSR, 1972
Fyzický popis: 104 s.
Knihy
Uloženo v:
LEADER 00954nam a22002532a 4500
001 001281310
003 CZ BrMZK
005 20130226111223.0
007 ta
008 130226s1972 xr er 000 0 cze d
015 |a cnb000439364 
035 |a (OCoLC)42177116 
040 |a ABA001  |b cze  |c OSA001  |d ABA001  |d BOA001 
041 1 |a cze  |h rus 
080 9 |a 028.02:[82:32(47)(082) 
245 0 0 |a Práce s politickou literaturou v knihovnách SSSR :  |b sborník materiálů o sovětských zkušenostech /  |c z ruského originálu přeložila Anna Malá 
260 |a Praha :  |b Státní knihovna ČSR,  |c 1972 
300 |a 104 s. 
700 1 |a Malá, Anna  |7 jx20040217009  |4 trl 
910 |a BOA001  |b 2-0697.013 
990 |a BK 
991 |b 201302 
996 6 |b BC-1205189  |c 2-0697.013  |l Sklad H1  |r Sklad / do 24 hodin  |n 0  |h HS212  |w 001315649  |u 000010  |a 1  |e BOA001  |j MZK50  |s P 
996 6 |b BC-1205190  |c 2-0697.013  |l Sklad H1  |r Sklad / do 24 hodin  |n 0  |h HS212  |w 001315649  |u 000020  |a 1  |e BOA001  |j MZK50  |s P